LDR 02031namaa2200421 i 4500 001 000000178691 003 CaOOAMICUS 005 20260427093337.0 008 260424s2025 it u000 u ita r 020 $a978-88-13-38938-3* 032 $aLibriCat 040 $aPUL$bita 082 00$a345.4505 100 1 $aGiuliani, Livia,$d1966-,$eautore.$0(OLS)http://pul/name/84262 245 10$aCommentario breve al nuovo codice di procedura penale /$cLivia Giuliani, Giulio Illuminati ; con la collaborazione di Rossano Adorno...[et al.]. 250 $a4. edizione 260 $aMilano :$bWolters Kluwer ;$a[Padova] :$bCEDAM,$c2025. 300 $aLII, 3437 pagine ;$c25 cm 336 $atesto$btxt$2rdacontent 337 $asenza mediazione$bn$2rdamedia 338 $avolume$bnc$2rdacarrier 490 1 $aBreviaria Iuris ;$v6 500 $aCon la collaborazione di Rossano Adorno, Valerio Aiuti, Valentina Alberta...[et al.]. 500 $aIn testa al frontespizio: Giovanni Conso, Vittorio Grevi fondatori dell'opera. 630 04$aCodice di procedura penale$zItalia.$0(OLS)http://pul/subject/20312 650 4$aProcedura penale$zItalia.$0(OLS)http://pul/subject/12686 700 1 $aIlluminati, Giulio,$d1946-,$eautore.$0(OLS)http://pul/name/88153 700 1 $aAdorno, Rossano,$d1966-,$ecollaboratore.$0(OLS)http://pul/name/92296 830 0$aBreviaria Iuris ;$v6.$0(OLS)http://pul/title/8521 850 $aPUL 852 $aPUL$W1$xSL Diritto e Scienze Sociali 3$y79$m348. 45 COD 1.1.106$j202464$qDDC 21$B207875$CPULBib$Z2$F207875 $H138583 $82 941 1 $a9 996 $6020$a978-88-13-38938-3*$9(OLS)http://pul/number/170950 996 $6082$a345.4505$9(OLS)http://pul/classification/385 996 $6245$aCommentario breve al nuovo codice di procedura penale$9(OLS)http://pul/title/25114 996 $6260$aMilano :$bWolters Kluwer$9(OLS)http://pul/publisher/87159 996 $6260$a[Padova] :$bCEDAM$9(OLS)http://pul/publisher/87197